| 000 | 00703nam a2200193 i 4500 | ||
|---|---|---|---|
| 001 | 141677 | ||
| 003 | ES-MaACL | ||
| 005 | 20230906200338.0 | ||
| 007 | t| | ||
| 008 | 070926s1940 sp f |||| | spa d | ||
| 100 | 1 |
_aVossler, Karl. _9115749 |
|
| 245 | 1 | 3 |
_aLa soledad en la poesía española / _cKarl Vossler ; traducción del alemán por José-Miguel Sacristán. |
| 260 |
_aMadrid : _bRevista de Occidente, _c[1940] |
||
| 300 |
_a348 p., 4 h. de lám. ; _c24 cm. |
||
| 650 | 4 |
_aPoesía española- _yHasta S.XV- _xHistoria y crítica. _9160706 |
|
| 650 | 0 | 4 |
_aPoesía española- _yS.XVI-XVII- _vHistoria y crítica. _916174 |
| 650 | 4 |
_aSoledad- _xEn la literatura. _9162975 |
|
| 852 |
_aES-MaACL _jB-9577 |
||
| 999 |
_c141677 _d141677 |
||